| 000 | 00543nam a22001937a 4500 | ||
|---|---|---|---|
| 999 |
_c61757 _d61757 |
||
| 005 | 20240429123555.0 | ||
| 008 | 240429s2005 enk||||| |||| 00| 0 eng d | ||
| 020 | _a9781405114370x | ||
| 041 | _aeng | ||
| 080 | _a616.8 G-46 | ||
| 100 |
_aGinsberg, Lionel _921978 |
||
| 245 |
_aLecture Notes: _bNeurology / _cLionel Ginsberg. |
||
| 250 | _aEigth Edition | ||
| 264 |
_aOxford : _bBlackwel, _c2005. |
||
| 300 |
_a197 p.: _bill.; _c25 cm. |
||
| 653 | _aნევროლოგია | ||
| 653 | _aმედიცინა | ||
| 942 |
_2udc _cBK |
||